Bratislavská Medika závodný časopis zamestnancov, n.p. Medika, Bratislava

Bibliographic Details
Previous Title:Zdravoliek
Corporate Authors: Medika, n.p. (Bratislava, Slovensko) (Publisher), Merkantilné tlačiarne, n.p. (Bratislava, Slovensko) závod Malacky (tlač.), Merkantilné tlačiarne, n.p. (Bratislava, Slovensko) (tlač.)
Other Authors: Klíma, Juraj (Publishing director), Beňo, Anton (Publishing director)
Format: Journal
Language:Slovak
PhysicalDescription:2 roč. 31 x 43 cm
Published: Bratislava ZS ROH, ZO KSS, ZS ČSM a vedenie podniku Bratislavská Medika 1954-1955
Subjects:

MARC

LEADER 00000nas a22000001a 4500
001 vtls010301039
003 SK-MaSNL
005 20260228162924.0
008 110810d19541955xo sr p r 0 b0slo
015 |a SNBDS17XX9999 
015 |a 0065  |2 Balúnová 1945-60 
038 |a SNKBUDS 
040 |a SNK  |b slo  |c SNK  |e AACR2 
041 0 |a slo 
044 |a xo  |c SK 
080 |a 615  |2 2001 
245 0 0 |a Bratislavská Medika  |b závodný časopis zamestnancov, n.p. Medika, Bratislava 
260 |a Bratislava  |b ZS ROH, ZO KSS, ZS ČSM a vedenie podniku Bratislavská Medika  |c 1954-1955 
300 |a 2 roč.  |c 31 x 43 cm 
310 |a 2x mesačne 
362 0 |a Roč. I, č. 1 (5.4.1954)-roč. II, č. 10 (15.5.1955) 
500 |a Vych. v Bratislave 2x mesačne 
500 |a Ved. red. Juraj Klíma, od 4/I (15. mája 1954) ako zodp. red., od 11/I (29. aug. 1954) ako ved. a zodp. red; výk. red. od 4/I (15. mája 1954) Anton Beňo 
500 |a Vyd. ZS ROH, ZO KSS, ZS ČSM a ved. podniku Bratislavská Medika v Bratislave 
500 |a Tlač. Merkantilné tlačiarne, n.p., záv. Malacky, od 1/II (15. jan. 1955) Merkantilné tlačiarne, n.p., záv. Bratislava 
500 |a Vych. od 5. apr. 1954, posl. č. 15. mája 1955 
505 8 0 |g Roč. I. 1954 19 č. po 4 s. 
505 8 0 |g Roč. II. 1955 10 č. po 2-4 s. 
580 |a Nadviazal na čas. Zdravoliek 
610 2 7 |a Medika (firma : Bratislava, Slovensko)  |x časopisy  |2 SNKBUDS  |9 272512 
650 0 7 |a farmakológia  |2 SNKPH  |9 2468 
655 7 |a podnikové časopisy  |2 SNKBUDS  |9 265225 
700 1 |a Klíma, Juraj  |4 pbd  |9 272513 
700 1 |a Beňo, Anton  |4 pbd  |9 272514 
710 2 |a Medika, n.p. (Bratislava, Slovensko)  |e vydav.  |9 272515 
710 2 |a Merkantilné tlačiarne, n.p. (Bratislava, Slovensko)  |b závod Malacky  |e tlač.  |9 269127 
710 2 |a Merkantilné tlačiarne, n.p. (Bratislava, Slovensko)  |e tlač.  |9 268817 
780 0 2 |t Zdravoliek 
852 |a SNK  |b 10000  |h ČSA 378 
852 |a UKB  |b 300000  |h SA 364 
852 |a SVKKK  |b 900000  |h E 99 
999 |c 8561  |d 10491